[Event "Bonn GSK"]
[Site "Bonn"]
[Date "1993.??.??"]
[Round "?"]
[White "Dokhoian, Yury"]
[Black "Sieglen, Joachim"]
[Result "1/2-1/2"]
[WhiteElo "2515"]
[BlackElo "2365"]

1.d4 Nf6 2.c4 g6 3.Nc3 Bg7 4.e4 d6 5.Be2 O-O 6.Nf3 e5 7.O-O Nc6 8.d5 Ne7
9.Nd2 Nd7 10.b4 f5 11.c5 Nf6 12.f3 f4 13.Nc4 g5 14.Nb5 Ne8 15.a4 Kh8 16.Bd2 Bf6
17.Be1 a6 18.cxd6 cxd6 19.Nc3 Bd7 20.b5 Nc8 21.bxa6 bxa6 22.Rb1 Rf7 23.a5 Nc7
24.Nb6 Nxb6 25.axb6 Nb5 26.Nxb5 axb5 27.Bf2 Rb8 28.Qb3 h5 29.Bxb5 g4 30.Bxd7 Rxd7
31.Rfc1 Rg7 32.fxg4 hxg4 33.g3 Rbb7 34.Rc6 Qf8 35.Rbc1 Bd8 36.Ra1 Qe7 37.Ra8 Rg8
38.Qa4 fxg3 39.hxg3 Rf8 40.Qc2 Qf6 41.Qe2 Rbf7 42.Rc2 Qg6 43.Rcc8 Qg5 44.Rxd8 Rxd8
45.Rxd8+ Qxd8 46.Qxg4 Qf8 47.Be3 Rg7 48.Bg5 Rf7 49.Kg2 Qg7 50.Qh5+ Kg8 51.Bd8 Rf8
52.Bc7 Rf6 53.Qe8+ Kh7 54.Qh5+ Kg8 55.Qe2 Qd7 56.Qe3 Kh7 57.Qg5 Rg6 58.Qf5 Qe7
59.Qh3+ Kg7 60.Qf5 Rf6 61.Qg5+ Kh7 62.Qg4 Rg6 63.Qf3 Kg7 64.Qc3 Qd7 65.Bd8 Qb5
66.Qf3 Qb2+ 67.Qf2 Qb4 68.Qe3 Qb2+ 69.Qf2 Qb4  1/2-1/2

[Event "Bonn GSK"]
[Site "Bonn"]
[Date "1993.??.??"]
[Round "?"]
[White "Von Gleich, Alexander"]
[Black "Sieglen, Joachim"]
[Result "1/2-1/2"]
[WhiteElo "2335"]
[BlackElo "2365"]

1.d4 Nf6 2.c4 g6 3.Nc3 Bg7 4.e4 d6 5.Nf3 O-O 6.Be2 e5 7.O-O Nc6 8.d5 Ne7
9.b4 Nh5 10.g3 f5 11.Ng5 Nf6 12.f3 f4 13.b5 h6 14.Ne6 Bxe6 15.dxe6 fxg3 16.hxg3 Qc8
17.Nd5 Qxe6 18.Nxc7 Qh3 19.Nxa8 Qxg3+ 20.Kh1 Qh3+  1/2-1/2

[Event "Wch U16 Girls"]
[Site "Bratislava"]
[Date "1993.??.??"]
[Round "2"]
[White "Kiseleva, Natalia"]
[Black "Lomineishvili, Maia"]
[Result "0-1"]
[WhiteElo "2170"]
[BlackElo "2080"]

1.d4 Nf6 2.c4 g6 3.Nc3 Bg7 4.e4 d6 5.Nf3 O-O 6.Be2 e5 7.O-O Nc6 8.d5 Ne7
9.Nd2 a5 10.a3 Nd7 11.Rb1 f5 12.b4 axb4 13.axb4 Kh8 14.Qc2 Ng8 15.exf5 gxf5
16.f4 Ngf6 17.Nf3 Qe7 18.Kh1 Ng4 19.Ng5 Ndf6 20.h3 Nh6 21.fxe5 dxe5 22.c5 b6
23.cxb6 cxb6 24.Qb3 f4 25.Nge4 Nf5 26.Bf3 Nd4 27.Qd1 Bf5 28.Bd2 Rad8 29.d6 Qd7
30.Rc1 Bxh3 31.Nxf6 Rxf6 32.Ne4 Rh6 33.Kg1 Nxf3+ 34.Qxf3 Bg4 35.Qf2 Rg6 36.Qxb6 Bh3
37.Rf2 Rg8 38.Rc7 Qg4 39.Qb7 Bxg2 40.Nf6 Qd1+ 41.Kh2 Rh6+  0-1

[Event "Wch U16 Girls"]
[Site "Bratislava"]
[Date "1993.??.??"]
[Round "5"]
[White "Kiseleva, Natalia"]
[Black "Bobrowska, Monika"]
[Result "0-1"]
[WhiteElo "2170"]
[BlackElo "2210"]

1.d4 Nf6 2.c4 g6 3.Nc3 Bg7 4.e4 d6 5.Nf3 O-O 6.Be2 e5 7.O-O Nc6 8.d5 Ne7
9.Nd2 Ne8 10.b4 f5 11.f3 f4 12.c5 g5 13.Nc4 Rf7 14.a4 Ng6 15.Ba3 Bf8 16.cxd6 cxd6
17.b5 h5 18.b6 a6 19.Na2 Rg7 20.Nb4 g4 21.fxg4 Nh4 22.gxh5 Bh3 23.Kf2 Nxg2
24.Bf3 Ne3 25.Nxe3 fxe3+ 26.Ke2 Bxf1+ 27.Qxf1 Qh4  0-1

[Event "Wch U16"]
[Site "Bratislava"]
[Date "1993.??.??"]
[Round "6"]
[White "Vescovi, Giovanni"]
[Black "Rowson, Jonathan"]
[Result "0-1"]
[WhiteElo "2340"]
[BlackElo "2290"]

1.d4 Nf6 2.c4 g6 3.Nc3 Bg7 4.e4 d6 5.Nf3 O-O 6.Be2 e5 7.O-O Nc6 8.d5 Ne7
9.Ne1 Nd7 10.Nd3 f5 11.Bd2 Nf6 12.f3 f4 13.g4 g5 14.Be1 Ng6 15.c5 h5 16.h3 Rf7
17.cxd6 cxd6 18.a4 Bf8 19.a5 Be7 20.Bf2 Qf8 21.Kg2 Bd8 22.Rh1 a6 23.b4 Bd7
24.Nb2 Nh4+ 25.Kf1 Rc8 26.Ra3 Rh7 27.Rg1 Ng6 28.Kg2 Rc7 29.Bb6 hxg4 30.hxg4 Nxg4
31.fxg4 f3+ 32.Bxf3 Nh4+ 33.Kg3 Qf4+ 34.Kf2 Qh2+ 35.Ke3 Nxf3 36.Rf1 Qxb2
37.Nb1 Nd4  0-1

[Event "Wch U18"]
[Site "Bratislava"]
[Date "1993.??.??"]
[Round "7"]
[White "Van de Mortel, Jan"]
[Black "Irzhanov, Ruslan"]
[Result "0-1"]
[WhiteElo "2295"]
[BlackElo "2385"]

1.d4 Nf6 2.Nf3 g6 3.c4 Bg7 4.Nc3 O-O 5.e4 d6 6.Be2 e5 7.O-O Nc6 8.d5 Ne7
9.Ne1 Nd7 10.Be3 f5 11.f3 f4 12.Bf2 g5 13.b4 a6 14.c5 Rf6 15.Rc1 Qe8 16.Na4 Rh6
17.g4 fxg3 18.Bxg3 Ng6 19.b5 Nf4 20.c6 Nf6 21.cxb7 Bxb7 22.Rxc7 axb5 23.Rxb7 bxa4
24.Bb5 Qc8 25.Bc6 N6h5 26.Rd7 Qa6 27.Bxf4 Qb6+ 28.Kg2 Nxf4+ 29.Kh1 Rb8 30.Bxa4 Qe3
31.Bb3 Ne2 32.Nd3 Ng3+ 33.Kg2 Nxf1 34.Qxf1 g4 35.h4 gxf3+ 36.Qxf3 Rg6+  0-1

[Event "Bratislava op"]
[Site "Bratislava"]
[Date "1993.??.??"]
[Round "9"]
[White "Kanstler, Boris"]
[Black "Sziebert, Adam"]
[Result "1-0"]
[WhiteElo "2440"]
[BlackElo "2285"]

1.d4 Nf6 2.c4 g6 3.Nc3 Bg7 4.e4 d6 5.Nf3 O-O 6.Be2 e5 7.O-O Nc6 8.d5 Ne7
9.Nd2 a5 10.a3 Nd7 11.Rb1 c6 12.b4 axb4 13.axb4 cxd5 14.cxd5 Nb6 15.Nb3 f5
16.f3 Bd7 17.Na5 Kh8 18.Be3 Ng8 19.Nxb7 Qc7 20.Na5 Qxc3 21.Bxb6 fxe4 22.fxe4 Rab8
23.Bf2 Rxb4 24.Rc1 Qa3 25.Nc4 Qa8 26.Nxd6 Bh6 27.Rc4 Rb2 28.Bg3 Qa7+ 29.Kh1 Bf4
30.Bxf4 Rxf4 31.Nf7+ Kg7 32.Nxe5 Rf2 33.Rxf2 Qxf2 34.Bf1 Bh3 35.Rc7+ Ne7
36.Rxe7+ Kg8 37.Qf3 Bxg2+ 38.Qxg2 Qe1 39.Nd3  1-0

[Event "Brno-C"]
[Site "Brno"]
[Date "1993.??.??"]
[Round "?"]
[White "Kratochwil, Christian"]
[Black "Orsag, Milan"]
[Result "0-1"]
[WhiteElo "2310"]
[BlackElo "2390"]

1.c4 Nf6 2.Nc3 g6 3.e4 d6 4.d4 Bg7 5.Be2 O-O 6.Nf3 e5 7.O-O Nc6 8.d5 Ne7
9.Bg5 h6 10.Bxf6 Bxf6 11.b4 Bg7 12.c5 f5 13.Nd2 Kh8 14.Rc1 a6 15.a4 Ng8 16.Nc4 Nf6
17.f3 Nh5 18.cxd6 cxd6 19.a5 Bf6 20.Nb6 Rb8 21.Nca4 Bg5 22.Rc3 Bf4 23.Rf2 fxe4
24.g3 e3 25.Rg2 Bh3 26.gxf4 Bxg2 27.Kxg2 Qh4 28.Rxe3 Rf5 29.Bd3 Nxf4+ 30.Kh1 Rg5
31.Qf1 Qh3  0-1

[Event "Brussels zt"]
[Site "Brussels"]
[Date "1993.??.??"]
[Round "4"]
[White "Sosonko, Gennadi"]
[Black "Reinderman, Dimitri"]
[Result "0-1"]
[WhiteElo "2535"]
[BlackElo "2415"]

1.d4 Nf6 2.c4 g6 3.Nc3 Bg7 4.e4 d6 5.Nf3 O-O 6.Be2 e5 7.O-O Nc6 8.d5 Ne7
9.Ne1 Nd7 10.Nd3 f5 11.Bd2 Kh8 12.a4 f4 13.a5 h5 14.f3 g5 15.b4 Ng8 16.c5 Ndf6
17.b5 g4 18.Be1 gxf3 19.gxf3 Bh3 20.Kh1 Bxf1 21.Bxf1 Nh7 22.Bf2 Bf6 23.b6 axb6
24.axb6 Rxa1 25.Qxa1 cxb6 26.cxd6 Nh6 27.Qb2 Qxd6 28.Nb5 Qe7 29.Bxb6 Rg8
30.Bc5 Qg7 31.Nd6 Ng5 32.Qf2 Ra8 33.Qg2 Ra1 34.Ne8 Qf7 35.Nxf6 Qxf6 36.Bb4 Nhf7
37.h4 Nxf3 38.Qxf3 Qxh4+ 39.Kg2 Ng5 40.Nxe5 Nxf3 41.Ng6+ Kg8 42.Nxh4 Nxh4+
43.Kh3 Rxf1 44.Kxh4 Rd1 45.Bc5 Rd2  0-1

[Event "Brussels zt"]
[Site "Brussels"]
[Date "1993.??.??"]
[Round "8"]
[White "Blees, Albert"]
[Black "Mohandesi, Shahin"]
[Result "1-0"]
[WhiteElo "2405"]
[BlackElo "2310"]

1.c4 g6 2.e4 Bg7 3.d4 d6 4.Nc3 Nf6 5.Nf3 O-O 6.Be2 e5 7.O-O Nc6 8.d5 Ne7
9.Bg5 Nh5 10.Ne1 Nf4 11.Nd3 Nxe2+ 12.Qxe2 f6 13.Bd2 f5 14.f3 c5 15.Rab1 a5
16.b3 f4 17.a3 g5 18.b4 axb4 19.axb4 b6 20.Ra1 Bd7 21.Nb5 Bxb5 22.cxb5 Qd7
23.bxc5 bxc5 24.Nb2 Rxa1 25.Rxa1 Rb8 26.Ra5 Nc8 27.h3 Bf6 28.Bc3 Bd8 29.Ra6 Rxb5
30.Ra8 Kf7 31.Kh2 Rb7 32.Qa6 g4 33.hxg4 Bh4 34.Kg1 Bg3 35.Kf1 Nb6 36.Rd8 Qxd8
37.Qxb7+ Nd7 38.Nc4 Ke7 39.Ba5 Qf8 40.Qc7 Qb8 41.Qxb8 Nxb8 42.Bc7 Nd7 43.Bxd6+ Kf6
44.Bxe5+ Kg5 45.Bc7 h5 46.e5 hxg4 47.e6 Nf6 48.d6 gxf3 49.gxf3  1-0

[Event "Bucharest"]
[Site "Bucharest"]
[Date "1993.??.??"]
[Round "?"]
[White "Neverov, Valeriy"]
[Black "Istratescu, Andrei"]
[Result "1/2-1/2"]
[WhiteElo "2550"]
[BlackElo "2470"]

1.d4 Nf6 2.c4 g6 3.Nc3 Bg7 4.e4 d6 5.Nf3 O-O 6.Be2 e5 7.O-O Nc6 8.d5 Ne7
9.Ne1 Nd7 10.Nd3 f5 11.Bd2 Nf6 12.f3 f4 13.c5 g5 14.Rc1 Ng6 15.cxd6 cxd6
16.Nb5 Rf7 17.Qc2 Ne8 18.a4 h5 19.Nf2 Bf8 20.Qb3 Rg7 21.Rc3 Nh4 22.g3 g4
23.fxg4 hxg4 24.Rfc1 Bd7 25.Nc7 fxg3 26.hxg3 Nf3+ 27.Bxf3 gxf3 28.Nh1 Qh4
29.Rxf3 Nxc7 30.Rxc7 Qxe4 31.Nf2 Qb1+ 32.Rc1 Qg6 33.Rc4 Be7 34.Qxb7 Rf8 35.Rxf8+ Bxf8
36.Qb3 Rf7 37.Rc3 e4 38.Qc4 Bg7 39.Qxe4 Bf5 40.Qe8+ Kh7 41.Rf3 Be6  1/2-1/2

[Event "Bucharest1"]
[Site "Bucharest"]
[Date "1993.??.??"]
[Round "1"]
[White "Gilbert, Christophe"]
[Black "Hristodorescu, Daniel"]
[Result "1-0"]
[WhiteElo "2100"]
[BlackElo "2335"]

1.d4 Nf6 2.c4 g6 3.Nc3 Bg7 4.e4 O-O 5.Nf3 d6 6.Be2 e5 7.O-O Nc6 8.d5 Ne7
9.Ne1 Nd7 10.Nd3 f5 11.f3 Nf6 12.Bd2 f4 13.c5 g5 14.Rc1 Ng6 15.cxd6 cxd6
16.Nb5 Qb6+ 17.Nf2 g4 18.Nc7 Rb8 19.Kh1 g3 20.a4 a5 21.hxg3 Nh5 22.g4 Ng3+
23.Kg1 Bf6 24.Bb5 Bd8 25.Ne8 Bh4 26.Qe1 Qd8 27.Nc7 Nxf1 28.Qxf1 Bg3 29.Bxa5 h5
30.gxh5 Qh4 31.Nh3 Bxh3 32.gxh3 Qxh5 33.Bd7 Nh4 34.Bg4 Qg6 35.b4 b6 36.Bxb6 Rxb6
37.b5 Nf5 38.exf5 Qf6 39.Qe2 Rc8 40.a5 Rb7 41.b6 e4 42.Qxe4 Qb2 43.Qc2 Rxb6
44.axb6 Qxb6+ 45.Kh1  1-0

[Event "Bucharest1"]
[Site "Bucharest"]
[Date "1993.??.??"]
[Round "2"]
[White "Grigore, George"]
[Black "Gilbert, Christophe"]
[Result "1-0"]
[WhiteElo "2455"]
[BlackElo "2100"]

1.d4 Nf6 2.c4 g6 3.Nc3 Bg7 4.e4 d6 5.Be2 O-O 6.Nf3 e5 7.O-O Nc6 8.d5 Ne7
9.Nd2 Ne8 10.b4 f5 11.c5 Nf6 12.f3 f4 13.Nc4 h5 14.a4 g5 15.Ba3 Ne8 16.b5 Rf6
17.a5 g4 18.fxg4 hxg4 19.Bxg4 Bxg4 20.Qxg4 Rg6 21.Qe2 Kh7 22.b6 axb6 23.axb6 dxc5
24.bxc7 Qxc7 25.Nb5 Qd7 26.Rab1 Qg4 27.Qxg4 Rxg4 28.Bxc5 Ng6 29.Nb6 Rd8 30.h3 Rg3
31.Bf2 Rd3 32.Rfc1 f3 33.g3 Nf6 34.Rc4 Ne7 35.Nc7 Bh6 36.Ne6 Rg8 37.Rc7 Be3
38.Rxe7+ Kh8 39.Bxe3 Rxg3+ 40.Kf1 Rxe3 41.Kf2 Nxe4+ 42.Kxe3 f2+ 43.Kxe4 Rg1
44.Rf7 Re1+ 45.Kd3 e4+ 46.Kd4  1-0

[Event "Bucharest1"]
[Site "Bucharest"]
[Date "1993.??.??"]
[Round "3"]
[White "Roizen, Nadejda"]
[Black "Hristodorescu, Daniel"]
[Result "1/2-1/2"]
[WhiteElo "2205"]
[BlackElo "2335"]

1.d4 Nf6 2.c4 g6 3.Nf3 Bg7 4.Nc3 O-O 5.e4 d6 6.Be2 e5 7.O-O Nc6 8.d5 Ne7
9.b4 Nh5 10.g3 f5 11.Ng5 Nf6 12.f3 h6 13.Ne6 Bxe6 14.dxe6 c6 15.b5 Ne8 16.bxc6 bxc6
17.Ba3 c5 18.Qd3 Rf6 19.Rad1 Qc8 20.Nd5 Rxe6 21.Nxe7+ Rxe7 22.Bb2 Rb8 23.Bc3 f4
24.g4 Bf8 25.Rb1 Reb7 26.Rxb7 Qxb7 27.Bd1 Nf6 28.Ba4 g5 29.Kg2 Kg7 30.Bc2 Qa6
31.Bb3 Be7 32.Rd1 Kg6 33.Qd2 Rh8 34.h3 h5 35.Rh1 Bd8 36.Rd1 Bc7 37.Rh1 Qc6
38.Rh2 Ra8 39.Qd1 Qa6 40.Qd2 Rd8 41.Kg1 Rh8 42.Rg2 hxg4 43.hxg4 Rh3 44.Qd1 Ba5
45.Bb2 Qb6 46.Rh2 Rxh2 47.Kxh2 Qd8 48.Kg2 Kf7 49.Qh1 Bd2 50.Qd1 Qa5 51.Qc2 Be3
52.Bc3 Qd8 53.Qd1 Bd4 54.Be1 Qc8 55.Qe2 Qa6 56.Qd2 Ke7 57.Qa5 Qxa5 58.Bxa5 Bb2
59.Ba4 Ba3 60.Kf2 Bb4 61.Bc7 Nd7 62.Bb5 Nf8 63.Bb8 Ba5 64.Bxa7 Bc7 65.a4 Kd8
66.Ke2 Ng6 67.Kd3 Ne7 68.a5 Bxa5 69.Bb8 Bc7 70.Bxc7+ Kxc7 71.Be8 Kd8 72.Ba4 Ng6
73.Kc3 Kc7 74.Bd1 Kb6 75.Kb3 Ka5 76.Ka3 Nf8 77.Ba4 Ne6 78.Bb3 Nd4 79.Bd1 Kb6
80.Kb2 Kb7 81.Ka3 Ka6  1/2-1/2

[Event "Budapest FS02 IM"]
[Site "Budapest"]
[Date "1993.??.??"]
[Round "?"]
[White "Bordas, Gyula"]
[Black "Kahn, Evarth"]
[Result "0-1"]
[WhiteElo "2220"]
[BlackElo "2360"]

1.c4 Nf6 2.Nc3 g6 3.e4 d6 4.d4 Bg7 5.Be2 O-O 6.Nf3 e5 7.O-O Nc6 8.d5 Ne7
9.Ne1 Nd7 10.f3 f5 11.g4 Kh8 12.Bd2 Ng8 13.Qc1 f4 14.Nd3 h5 15.h3 c5 16.Kg2 Nh6
17.Rh1 Bf6 18.Be1 Bh4 19.Nb5 Bxe1 20.Qxe1 Nf7 21.Qc3 g5 22.h4 Nf6 23.hxg5 Nxg5
24.Nxf4 Nfxe4 25.Rxh5+ Kg7 26.Qe1 Rxf4 27.Qh4 Bxg4 28.fxg4 Qf6 29.Rh1 Rf2+
30.Kg1 Rf1+ 31.Kg2 Qf2+ 32.Qxf2 Rxf2+ 33.Kg1 Rxe2 34.Nc7 Nf3+  0-1

[Event "Budapest FS02 IM"]
[Site "Budapest"]
[Date "1993.??.??"]
[Round "?"]
[White "Bordas, Gyula"]
[Black "Borocz, Istvan"]
[Result "0-1"]
[WhiteElo "2220"]
[BlackElo "2325"]

1.c4 g6 2.Nc3 Bg7 3.d4 Nf6 4.e4 d6 5.Be2 O-O 6.Nf3 e5 7.O-O Nc6 8.d5 Ne7
9.Ne1 Nd7 10.f3 f5 11.g4 Nf6 12.Nd3 Kh8 13.Be3 c5 14.h3 Neg8 15.Qd2 Bd7 16.Kg2 a6
17.b4 b6 18.Rab1 Qc8 19.Rh1 Ra7 20.Qd1 Be8 21.bxc5 bxc5 22.Rb6 Qd8 23.Qb3 Qe7
24.Qa3 a5 25.Rxd6 fxe4 26.fxe4 Qxd6 27.Bxc5 Qc7 28.Bxf8 Bxf8 29.Qxf8 Qxc4
30.Rc1 Rc7 31.Qd6 Rd7 32.Qc5 Qd4 33.Qxd4 exd4 34.Nd1 Nxe4 35.Bf3 Ng5 36.N1f2 Nxf3
37.Kxf3 Bf7 38.Ne5 Bxd5+ 39.Kf4 Re7 40.Rc5 Bxa2 41.Rxa5 Bb1 42.Rd5 Kg7 43.g5 h6
44.gxh6+ Nxh6 45.Rxd4 g5+ 46.Kxg5 Rxe5+ 47.Kf4 Rf5+ 48.Kg3 Rb5 49.Rd7+ Kg6
50.Rd6+ Kh5 51.Rd8 Rb4 52.Rd5+ Nf5+ 53.Kf3 Kg6 54.Ra5 Kg5 55.Ra8 Rb3+ 56.Kg2 Ne3+
57.Kh2 Kf4 58.Ra4+ Kf3 59.Ng4 Rb2+ 60.Kg1 Nf5 61.Ne5+ Kg3 62.Ra3+ Kh4 63.Nf3+ Kxh3
64.Kf1 Kg4 65.Ke1 Kf4 66.Nd2 Bc2 67.Rf3+ Kg4 68.Rc3 Ra2 69.Nc4 Ra1+ 70.Kd2 Be4
71.Ne3+ Kf4 72.Nxf5 Bxf5 73.Rb3 Ke5 74.Rb2 Be6 75.Kc3 Ke4 76.Re2+ Kd5 77.Rb2 Kc5
78.Kd3 Bc4+ 79.Ke3 Re1+ 80.Kd2 Re2+ 81.Kc1 Re8 82.Rh2 Kd4 83.Kd2 Bd3 84.Rh4+ Be4
85.Ke2 Ra8 86.Kf2 Ra2+ 87.Kg3 Ke3 88.Kg4 Rg2+ 89.Kh5 Kd4 90.Kh6 Ke5 91.Rh5+ Kf6
92.Ra5 Bf5 93.Ra6+ Be6 94.Ra5 Rg8 95.Kh7 Rb8  0-1

[Event "Budapest FS02 IM"]
[Site "Budapest"]
[Date "1993.??.??"]
[Round "?"]
[White "Lehmann, Zoltan"]
[Black "Borocz, Istvan"]
[Result "1-0"]
[WhiteElo "2215"]
[BlackElo "2325"]

1.d4 Nf6 2.c4 g6 3.Nc3 Bg7 4.e4 d6 5.Nf3 O-O 6.Be2 e5 7.O-O Nc6 8.Be3 Ng4
9.Bg5 f6 10.Bc1 f5 11.d5 Ne7 12.Ng5 h6 13.Ne6 Bxe6 14.dxe6 Nf6 15.f3 Nh5
16.Qb3 b6 17.g3 Kh8 18.f4 exf4 19.Bxh5 gxh5 20.Bxf4 Qc8 21.exf5 Nxf5 22.Rae1 Nd4
23.Qd1 Nxe6 24.Bxh6 Rxf1+ 25.Rxf1 Qe8 26.Bxg7+ Nxg7 27.Nd5 c6 28.Nf6 Qe3+
29.Kg2 Rd8 30.Rf4 Qe7 31.Nxh5 Rf8 32.Rxf8+ Qxf8 33.Qd4 a5 34.b3 a4 35.b4 c5
36.bxc5 dxc5 37.Qxg7+ Qxg7 38.Nxg7 Kxg7 39.Kf3 Kf6 40.Ke4 Ke6 41.h4  1-0

[Event "Budapest FS09 IM-A"]
[Site "Budapest"]
[Date "1993.??.??"]
[Round "?"]
[White "Kahn, Evarth"]
[Black "Schneider, Attila"]
[Result "0-1"]
[WhiteElo "2390"]
[BlackElo "2390"]

1.d4 Nf6 2.c4 g6 3.Nc3 Bg7 4.e4 d6 5.Nf3 O-O 6.Be2 e5 7.O-O Nc6 8.d5 Ne7
9.b4 Nh5 10.g3 a5 11.bxa5 f5 12.Ng5 Nf6 13.f3 Rxa5 14.a4 b6 15.Bd2 Ra8 16.Be3 Ne8
17.Ne6 Bxe6 18.dxe6 f4 19.Bf2 fxg3 20.hxg3 c6 21.Qb3 Qc8 22.Qxb6 Qxe6 23.c5 d5
24.exd5 Nxd5 25.Nxd5 Qxd5 26.Qb7 Nf6 27.Rfd1 Qe6 28.Rd6 Qf5 29.Rad1 Rae8
30.Qxc6 e4 31.a5 exf3 32.Qxf3 Qc2 33.R6d2 Qa4 34.Qc3 Rxe2 35.Ra1 Qe4 36.Rxe2 Qxe2
37.Bd4 Nd5  0-1

[Event "Budapest FS02 IM"]
[Site "Budapest"]
[Date "1993.??.??"]
[Round "?"]
[White "Lehmann, Zoltan"]
[Black "Kahn, Evarth"]
[Result "0-1"]
[WhiteElo "2215"]
[BlackElo "2360"]

1.d4 g6 2.c4 Bg7 3.Nc3 d6 4.e4 Nf6 5.Nf3 O-O 6.Be2 e5 7.O-O Nc6 8.Be3 h6
9.dxe5 Ng4 10.Bc1 Ngxe5 11.Be3 Nxf3+ 12.Bxf3 Ne5 13.Be2 Be6 14.Qc1 Qh4 15.b3 f5
16.exf5 Bxf5 17.Qd2 Kh7 18.Rac1 Rae8 19.Nd5 Rf7 20.Bf4 Qd8 21.Bg3 Nd7 22.b4 Nf6
23.Nxf6+ Qxf6 24.Bf3 Be4 25.Bxe4 Rxe4 26.Qd5 Rfe7 27.Qxb7 h5 28.h4 Qb2 29.Qd5 Qxb4
30.Rb1 Qxc4 31.Qxc4 Rxc4 32.Rb7 Re2 33.Rxa7 Bd4 34.Rb7 Be5 35.Bxe5 Rxe5 36.a4 Kg7
37.a5 Rxa5 38.Re1 Kf7 39.g3 Rac5 40.Kg2 Rc2 41.Re3 Rf5 42.Rf3 Kf6 43.Rb8 Rxf3
44.Kxf3 d5 45.Rf8+ Ke7 46.Rg8 Rc6 47.Ke3 Rf6 48.Kd4 c6 49.Ke5 Re6+ 50.Kd4 Re4+
51.Kd3 Rg4 52.Ke3 Kd6 53.Kd3 c5 54.Rd8+ Ke6 55.Re8+ Kf7 56.Rd8 Rd4+ 57.Ke3 Ke6
58.Re8+ Kd7 59.Rg8 Re4+ 60.Kd3 Re6 61.Rf8 Rd6 62.Rf7+ Kc6 63.f4 Re6 64.f5 gxf5
65.Rxf5 c4+ 66.Kd2 Rg6 67.Rxh5 Rxg3 68.Rh8 Kc5 69.Rf8 Rh3 70.Rf4 d4 71.Rg4 Rh2+
72.Kc1 c3 73.Rg5+ Kc4 74.h5 d3  0-1

[Event "Budapest FS02 IM"]
[Site "Budapest"]
[Date "1993.??.??"]
[Round "?"]
[White "Lehmann, Zoltan"]
[Black "Wegener, Dirk"]
[Result "1/2-1/2"]
[WhiteElo "2215"]
[BlackElo "2305"]

1.d4 Nf6 2.c4 g6 3.Nc3 Bg7 4.e4 d6 5.Nf3 O-O 6.Be2 e5 7.O-O Nc6 8.Be3 Nh5
9.dxe5 dxe5 10.Qxd8 Rxd8 11.Nd5 Rd7 12.Rfd1 Nf6 13.Nc3 b6 14.h3 Bb7 15.Rxd7 Nxd7
16.Nd5 Nd4 17.Bxd4 exd4 18.Nxc7 Rd8 19.Nd5 Nc5 20.Rd1 Nxe4 21.Nf4 Nc5 22.Ne1 Re8
23.Bf3 Bxf3 24.Nxf3 Na4 25.Nd3 Rc8 26.Rd2 Kf8 27.Kf1 Bf6 28.b3 Nc5 29.Nb4 Ne4
30.Rd3 Nc5  1/2-1/2

[Event "Budapest FS02 IM"]
[Site "Budapest"]
[Date "1993.??.??"]
[Round "?"]
[White "Panzer, Peter"]
[Black "Farago, Sandor"]
[Result "0-1"]
[WhiteElo "2330"]
[BlackElo "2340"]

1.d4 Nf6 2.c4 g6 3.Nc3 Bg7 4.e4 d6 5.Nf3 O-O 6.Be2 e5 7.O-O Nc6 8.d5 Ne7
9.Bd2 Kh8 10.Ne1 Ne8 11.Nd3 f5 12.exf5 gxf5 13.Kh1 c6 14.f4 e4 15.Nb4 Nf6
16.Qb3 a5 17.Nc2 cxd5 18.cxd5 Nfxd5 19.Nxd5 a4 20.Qb5 Bd7 21.Qxb7 Rb8 22.Qc7 Nxd5
23.Qxd6 Bb5 24.Qxd8 Rfxd8 25.Bxb5 Rxb5 26.Rab1 Rdb8 27.b4 axb3 28.axb3 Rxb3
29.Rxb3 Rxb3 30.Re1 Rb2 31.Rc1 h5 32.h4 Rb3 33.Rf1 e3 34.Bc1 Rc3 35.Na3 Rxa3
36.Bxa3 Bc3 37.Bb2 Bxb2 38.Re1 Bc3 39.Re2 Bd2 40.g3 Nc3  0-1

[Event "Budapest FS09 IM-A"]
[Site "Budapest"]
[Date "1993.??.??"]
[Round "?"]
[White "Hoang Than Trang"]
[Black "Schneider, Attila"]
[Result "1/2-1/2"]
[WhiteElo "2300"]
[BlackElo "2390"]

1.d4 Nf6 2.c4 g6 3.Nc3 Bg7 4.e4 d6 5.Nf3 O-O 6.Be2 e5 7.O-O Nc6 8.Be3 Ng4
9.Bg5 f6 10.Bc1 f5 11.d5 Ne7 12.Ng5 Nf6 13.exf5 Nxf5 14.Nge4 h6 15.b4 Nd4
16.Nxf6+ Qxf6 17.Ne4 Qh4 18.f3 Bf5 19.Bd3 Rf7 20.Be3 Raf8 21.Rc1 Kh7 22.c5 Qd8
23.cxd6 cxd6 24.Qd2 Rc7  1/2-1/2

[Event "Budapest FS02 IM"]
[Site "Budapest"]
[Date "1993.??.??"]
[Round "?"]
[White "Zsinka, Laszlo"]
[Black "Farago, Sandor"]
[Result "1/2-1/2"]
[WhiteElo "2350"]
[BlackElo "2340"]

1.d4 Nf6 2.c4 g6 3.Nc3 Bg7 4.e4 d6 5.Nf3 O-O 6.Be2 e5 7.O-O Nc6 8.Be3 Ng4
9.Bg5 f6 10.Bh4 g5 11.Bg3 Nh6  1/2-1/2

[Event "Budapest FS02 GM"]
[Site "Budapest"]
[Date "1993.??.??"]
[Round "?"]
[White "Lukacs, Peter"]
[Black "Maiwald, Jens Uwe"]
[Result "0-1"]
[WhiteElo "2480"]
[BlackElo "2400"]

1.d4 Nf6 2.c4 g6 3.Nc3 Bg7 4.e4 d6 5.Nf3 O-O 6.Be2 e5 7.O-O Nc6 8.d5 Ne7
9.Nd2 a5 10.a3 Nd7 11.Rb1 f5 12.b4 Kh8 13.f3 Ng8 14.Qc2 Bh6 15.c5 axb4 16.axb4 dxc5
17.bxc5 Nxc5 18.Bb2 Qh4 19.g3 Qe7 20.Nc4 Bg7 21.Kg2 Nh6 22.Ra1 Rxa1 23.Rxa1 Nf7
24.Ba3 b6 25.Na4 fxe4 26.fxe4 Ng5 27.Nxc5 Bh3+ 28.Kg1 bxc5 29.Nd2 Ra8 30.Bb2 Rxa1+
31.Bxa1 Qf8 32.Qd1 c4 33.Qa4 Qc5+ 34.Kh1 h6 35.Bxe5 Qf2 36.Bxg7+ Kh7  0-1

[Event "Budapest FS09 IM-B"]
[Site "Budapest"]
[Date "1993.??.??"]
[Round "?"]
[White "Zak, Uriel"]
[Black "Portisch, Ferenc"]
[Result "0-1"]
[WhiteElo "2285"]
[BlackElo "2405"]

1.c4 g6 2.Nc3 Bg7 3.d4 Nf6 4.e4 d6 5.Be2 O-O 6.Nf3 e5 7.O-O Nc6 8.Be3 Ng4
9.Bg5 f6 10.Bh4 g5 11.Bg3 Nh6 12.d5 Ne7 13.Nd2 Ng6 14.Re1 Nf4 15.Nf1 f5 16.exf5 Nxe2+
17.Qxe2 Nxf5 18.Ne3 Nd4 19.Qh5 Bd7 20.Ne4 h6 21.c5 Be8 22.Qg4 dxc5 23.Nxc5 h5
24.Qe4 Qd6 25.Nxb7 Qb4 26.Kh1 Qxb7 27.Bxe5 c5 28.dxc6 Nxc6 29.Bxg7 Qxg7 30.Rac1 Rxf2
31.Rxc6 Bxc6 32.Qxc6 Raf8 33.b4 Kh8 34.a4 Re2 35.Qc1 Qb2 36.Qxb2+ Rxb2 37.Nd5 Rff2
38.Rg1 Rfc2 39.Nf6 Rxb4 40.Nxh5 Rxa4 41.Rb1 Raa2  0-1

[Event "Budapest FS09 GM"]
[Site "Budapest"]
[Date "1993.??.??"]
[Round "1"]
[White "Lukacs, Peter"]
[Black "Degerman, Lars"]
[Result "1-0"]
[WhiteElo "2485"]
[BlackElo "2460"]

1.d4 Nf6 2.c4 g6 3.Nc3 Bg7 4.e4 d6 5.Nf3 O-O 6.Be2 e5 7.O-O Nc6 8.d5 Ne7
9.Ne1 Nd7 10.Nd3 f5 11.Bd2 Kh8 12.f3 Ng8 13.Rc1 f4 14.g4 h5 15.h3 Ndf6 16.Kg2 Ne8
17.Be1 Bf6 18.Bf2 Bh4 19.Qe1 Bxf2 20.Qxf2 Rf7 21.c5 Rh7 22.b4 g5 23.b5 Ne7
24.b6 axb6 25.cxb6 cxb6 26.Rb1 Ng6 27.Qxb6 Qf6 28.Nf2 Nh4+ 29.Kg1 hxg4 30.hxg4 Ra6
31.Qb3 Qh6 32.Rfc1 Bd7 33.Kf1 Ra5 34.Qb4 Rc5 35.Na4 Rxc1+ 36.Rxc1 Ng6 37.Nb6 Bxg4
38.fxg4 f3 39.Bxf3 Rf7 40.Ke2 Qf8 41.Rc3 Nf4+ 42.Ke1 Ng2+ 43.Ke2 Nf4+ 44.Kf1 Qh6
45.Nc4 Nh3 46.Nd2 Nf6 47.Nxh3 Qxh3+ 48.Ke2 Nxg4 49.Qxd6 Qh2+ 50.Kd1 Nf2+
51.Kc2 g4 52.Qg6  1-0

[Event "Budapest FS08 IM"]
[Site "Budapest"]
[Date "1993.??.??"]
[Round "1"]
[White "Liedl, Wolfgang"]
[Black "Borocz, Istvan"]
[Result "0-1"]
[WhiteElo "2215"]
[BlackElo "2335"]

1.d4 Nf6 2.c4 g6 3.Nc3 Bg7 4.e4 d6 5.Nf3 O-O 6.Be2 e5 7.O-O Nc6 8.d5 Ne7
9.Ne1 Nd7 10.Nd3 f5 11.Bd2 Kh8 12.b4 Ng8 13.f3 Ndf6 14.c5 Nh5 15.Rc1 Bf6
16.g3 Rf7 17.a4 f4 18.Kg2 Qd7 19.Nf2 Qd8 20.a5 Bg5 21.Nb5 a6 22.Na3 fxg3
23.hxg3 Nxg3 24.Kxg3 Bxd2 25.Qxd2 Rf4 26.Ng4 Qg5 27.Qc2 h5 28.cxd6 Nf6 29.dxc7 hxg4
30.fxg4 Nxg4 31.Rxf4 Qxf4+  0-1

[Event "Budapest FS03 IM"]
[Site "Budapest"]
[Date "1993.??.??"]
[Round "2"]
[White "Truta, Srecko"]
[Black "Schebler, Gerhard"]
[Result "0-1"]
[WhiteElo "2310"]
[BlackElo "2365"]

1.Nf3 Nf6 2.c4 g6 3.Nc3 Bg7 4.e4 d6 5.d4 O-O 6.Be2 e5 7.O-O Nc6 8.d5 Ne7
9.Nd2 a5 10.Rb1 c5 11.f4 exf4 12.Nf3 Nh5 13.Ne1 Bd4+ 14.Kh1 Bxc3 15.bxc3 Nf6
16.Rxf4 Nd7 17.Nf3 f6 18.h4 Kh8 19.Qe1 Ng8 20.g4 Qe7 21.Qg3 Nh6 22.Bd2 Nf7
23.Rf1 Ra6 24.Kh2 Rb6 25.Bc1 Rb1 26.Bd3 Ra1 27.a3 Nfe5 28.Be2 Ra2 29.Nd2 g5
30.R4f2 Ng6 31.hxg5 fxg5 32.Nf3 Nf4 33.Ng1 Nxe2 34.Rxf8+ Nxf8 35.Qf2 Qe5+
36.Kh3 Nxg1+ 37.Qxg1 Ng6  0-1

[Event "Budapest FS03 GM"]
[Site "Budapest"]
[Date "1993.??.??"]
[Round "2"]
[White "Lukacs, Peter"]
[Black "Arduman, Can"]
[Result "1/2-1/2"]
[WhiteElo "2480"]
[BlackElo "2355"]

1.d4 Nf6 2.c4 g6 3.Nc3 Bg7 4.e4 d6 5.Nf3 O-O 6.Be2 e5 7.O-O Nc6 8.d5 Ne7
9.Ne1 Nd7 10.Bd2 f5 11.Nd3 Nf6 12.f3 f4 13.g4 g5 14.Be1 h5 15.h3 Ng6 16.Kg2 Nh4+
17.Bxh4 gxh4 18.Rh1 Bh6 19.c5 Rf7 20.Rc1 Rg7 21.Kf1 Qf8 22.Rc2 hxg4 23.hxg4 Bxg4
24.fxg4 f3 25.Bxf3 Nxg4 26.Ke2 Ne3 27.Qb1 Qxf3+ 28.Kxf3 Rf8+ 29.Nf4 Nxc2
30.Ke2 Nd4+ 31.Kd3 Rxf4 32.Kc4 Rg2 33.c6 b6 34.Rh2 Rg3 35.Nb5 Nf3 36.Rf2 h3
37.Nxc7 Rg1 38.Qc2  1/2-1/2

[Event "Budapest FS12 IM-A"]
[Site "Budapest"]
[Date "1993.??.??"]
[Round "3"]
[White "Kecskes, Gabor"]
[Black "Zimmerman, Yuri"]
[Result "0-1"]
[WhiteElo "2220"]
[BlackElo "2325"]

1.d4 Nf6 2.c4 g6 3.Nc3 Bg7 4.e4 d6 5.Be2 O-O 6.Nf3 e5 7.O-O Nc6 8.d5 Ne7
9.Nd2 a5 10.Rb1 Bd7 11.b3 Ne8 12.a3 f5 13.b4 axb4 14.axb4 Nf6 15.c5 fxe4
16.Ndxe4 Nf5 17.b5 dxc5 18.Nxc5 Bc8 19.b6 Nd4 20.Bc4 Kh8 21.Bg5 cxb6 22.Ne6 Bxe6
23.dxe6 Qc7 24.Qd3 e4  0-1